Rapid Appraisal Methods (Record no. 8835)

MARC details
000 -LEADER
fixed length control field 00456nam a22001817a 4500
003 - CONTROL NUMBER IDENTIFIER
control field OSt
005 - DATE AND TIME OF LATEST TRANSACTION
control field 20240625150200.0
008 - FIXED-LENGTH DATA ELEMENTS--GENERAL INFORMATION
fixed length control field 240625b |||||||| |||| 00| 0 eng d
020 ## - INTERNATIONAL STANDARD BOOK NUMBER
International Standard Book Number 082132523x
040 ## - CATALOGING SOURCE
Transcribing agency MUST
082 ## - DEWEY DECIMAL CLASSIFICATION NUMBER
Classification number 338.9 RAP 1993
100 ## - MAIN ENTRY--PERSONAL NAME
Personal name Kumar Krishna
9 (RLIN) 17857
245 ## - TITLE STATEMENT
Title Rapid Appraisal Methods
Statement of responsibility, etc. Krishna Kumar
300 ## - PHYSICAL DESCRIPTION
Extent xiii, 218p
Other physical details ill.
Dimensions 23cm
504 ## - BIBLIOGRAPHY, ETC. NOTE
Bibliography, etc Bibliography
650 ## - SUBJECT ADDED ENTRY--TOPICAL TERM
Source of heading or term Economic development
942 ## - ADDED ENTRY ELEMENTS (KOHA)
Source of classification or shelving scheme Dewey Decimal Classification
Koha item type Open Shelf
Holdings
Withdrawn status Lost status Source of classification or shelving scheme Damaged status Not for loan Home library Current library Date acquired Inventory number Total Checkouts Full call number Barcode Date last seen Price effective from Koha item type Source of acquisition
    Dewey Decimal Classification     MUST Main Library MUST Main Library 25/06/2024 97/11341   338.9 RAP 1993 2024-21307 25/06/2024 25/06/2024 Open Shelf  
    Other/Generic Classification Scheme     MUST Main Library MUST Main Library 26/06/2024 97/11340   338.9 RAP 1993 2024-21424 26/06/2024 26/06/2024 Open Shelf Purchase